Today is Monday. (Record no. 113537)
[ view plain ]
| 000 -LEADER | |
|---|---|
| fixed length control field | 00312nam a2200145 a 4500 |
| 001 - CONTROL NUMBER | |
| control field | 4140 |
| 005 - DATE AND TIME OF LATEST TRANSACTION | |
| control field | 20140414132025.0 |
| 008 - FIXED-LENGTH DATA ELEMENTS--GENERAL INFORMATION | |
| fixed length control field | 090218s19uu xx 00 eng d |
| 050 ## - LIBRARY OF CONGRESS CALL NUMBER | |
| Classification number | TR |
| Item number | T55 1993 |
| 100 ## - MAIN ENTRY--PERSONAL NAME | |
| Personal name | Carle, Eric |
| 245 ## - TITLE STATEMENT | |
| Title | Today is Monday. |
| Withdrawn status | Lost status | Damaged status | Home library | Current library | Shelving location | Date acquired | Total Checkouts | Full call number | Barcode | Date last seen | Price effective from | Koha item type |
|---|---|---|---|---|---|---|---|---|---|---|---|---|
| Munich Library | Munich Library | Teachers Reference Section | 02/18/2009 | TR T55 1993 | M5119 | 04/14/2014 | 04/14/2014 | Books | ||||
| Munich Library | Munich Library | Teachers Reference Section | 03/21/2011 | TR T55 1993 | M5432 | 04/14/2014 | 04/14/2014 | Books | ||||
| Munich Library | Munich Library | Teachers Reference Section | 03/21/2011 | TR T55 1993 | M5431 | 04/14/2014 | 04/14/2014 | Books |